El Manual de 1641 de Joan Francesc Torrellebreta, notari de Vic / edició a cura de Rafel Ginebra i Molins, Anna Maria de Rocafiguera i Garcia, Jordi Vilamala Salvans
ISBN:
84-7935-862-9
Descripción Física:
559 p. ; 24 cm
Colección:
Acta notariorum Cataloniae ; 10
MARC
| LEADER | 00000nam a2200000Ia 4500 | ||
|---|---|---|---|
| 001 | 13549 | ||
| 008 | 160829s2001 xx 000 0 cat d | ||
| 020 | |a 84-7935-862-9 | ||
| 080 | |a A-2-125 | ||
| 245 | |a El Manual de 1641 de Joan Francesc Torrellebreta, notari de Vic / edició a cura de Rafel Ginebra i Molins, Anna Maria de Rocafiguera i Garcia, Jordi Vilamala Salvans | ||
| 260 | |a Barcelona : |b Fundació Noguera ; Lleida : |b Pagès, |c 2001 | ||
| 300 | |a 559 p. ; |c 24 cm | ||
| 490 | |a Acta notariorum Cataloniae ; 10 | ||
| 590 | |a Índex | ||
| 650 | |a Torrellebreta, Joan Francesc |x Arxius |x S. XVII |9 27852 | ||
| 650 | |a Notaris |x Vic |x Història |x Fonts |9 27853 | ||
| 650 | |a Documents públics |x Vic |x S. XVII |x Catàlegs |9 27854 | ||
| 700 | |a Ginebra i Molins, Rafael, ed. |9 27855 | ||
| 700 | |a Rocafiguera i Garcia, Anna Maria de, ed. |9 27856 | ||
| 700 | |a Vilamala Salvans, Jordi |9 27857 | ||
| 700 | |a Fundació Noguera |9 70407 | ||
| 901 | |a Arxiu | ||
| 942 | |n 1 | ||
| 952 | |0 0 |1 0 |4 0 |6 A2125 |7 1 |9 44571 |a Arxiu |b Arxiu |d 2016-12-01 |l 0 |o A-2-125 |p 13549 |r 2016-12-01 00:00:00 |w 2016-12-01 |y ARXIU | ||
| 999 | |c 47152 |d 47152 | ||